<?xml version="1.0" encoding="UTF-8"?>
<marc:record xmlns:marc="http://www.loc.gov/MARC21/slim">
   <marc:leader>00000nam a2200000 a 4500</marc:leader>
   <marc:datafield ind1="1" ind2=" " tag="100">
      <marc:subfield code="a">Wiechmann, Heike</marc:subfield>
      <marc:subfield code="4">aut</marc:subfield>
      <marc:subfield code="e">Verfasser/-in</marc:subfield>
   </marc:datafield>
   <marc:datafield ind1=" " ind2=" " tag="653">
      <marc:subfield code="a">Forum Romanum</marc:subfield>
   </marc:datafield>
   <marc:datafield ind1=" " ind2=" " tag="653">
      <marc:subfield code="a">Erstlesealter</marc:subfield>
   </marc:datafield>
   <marc:datafield ind1=" " ind2=" " tag="653">
      <marc:subfield code="a">Zeitreisen</marc:subfield>
   </marc:datafield>
   <marc:datafield ind1="0" ind2="0" tag="245">
      <marc:subfield code="a">Ein Schultag im alten Rom</marc:subfield>
   </marc:datafield>
   <marc:datafield ind1="0" ind2="0" tag="245">
      <marc:subfield code="c">Wiechmann, Heike</marc:subfield>
   </marc:datafield>
   <marc:datafield ind1=" " ind2="1" tag="264">
      <marc:subfield code="a">Frankfurt am Main</marc:subfield>
      <marc:subfield code="b">Fischer Duden Kinderbuch</marc:subfield>
      <marc:subfield code="c">2021</marc:subfield>
   </marc:datafield>
   <marc:datafield ind1="1" ind2=" " tag="490">
      <marc:subfield code="a">Duden: Leseprofi: 1. Klasse</marc:subfield>
   </marc:datafield>
   <marc:datafield ind1="1" ind2=" " tag="520">
      <marc:subfield code="a">Angaben aus der Verlagsmeldung&#xD;
&#xD;
Duden Leseprofi  Ein Schultag im alten Rom, 2. Klasse Wiechmann, Duden Leseprofi  Ein Schultag im alten Rom, 2. Klasse / von Heike Wiechmann&#xD;
&#xD;
Spannender Lesespaß für Grundschulkinder ab 7 Jahren!&#xD;
Lukas und Lena schlappen hinter ihren Eltern durch Rom. Heiß und langweilig, finden sie. Bis sie durch einen geheimnisvollen Schriftzug am Forum Romanum in die Vergangenheit reisen! Dort dürfen sie den Alltag der Geschwister Rea und Remus in der Antike, zwischen Schule, Speisesaal und Therme, kennenlernen. Sogar einen Räuber müssen die Kinder fangen, um ihren Lehrer Titus zu befreien! Ist doch irgendwie ganz schön spannend, das alte Rom &#xD;
Zeitreise und Krimi für fortgeschrittene Leseanfänger.&#xD;
&#xD;
Duden  von Anfang an richtig! Lesenlernen leicht gemacht: Erstlesespaß für Kinder ab der 2. Klasse&#xD;
&#xD;
So geht zeitgemäße Leseförderung:&#xD;
Alle Titel der Reihe werden bei Antolin gelistet und von einer pädagogischen Fachberatung geprüft.&#xD;
Diese interessante und mit viel Liebe zum Detail illustrierte Erstlesegeschichte aus der Reihe "Leseprofi" von FISCHER Duden Kinderbuch sorgt garantiert für Lesespaß. Der Text ist genau auf die Bedürfnisse der Jungen und Mädchen zugeschnitten. So erleben sie schnell motivierende Erfolge. Kleine, abwechslungsreiche Rätsel zur Sicherung des Textverständnisses begleiten beim Lesen. Ein interaktives Lesezeichen dient als Lösungsschlüssel.</marc:subfield>
   </marc:datafield>
   <marc:datafield ind1=" " ind2=" " tag="020">
      <marc:subfield code="a">9783737334679</marc:subfield>
      <marc:subfield code="9">9783737334679</marc:subfield>
   </marc:datafield>
   <marc:datafield ind1=" " ind2=" " tag="020">
      <marc:subfield code="a">3737334676</marc:subfield>
      <marc:subfield code="9">3737334676</marc:subfield>
   </marc:datafield>
   <marc:datafield ind1=" " ind2=" " tag="041">
      <marc:subfield code="a">ger</marc:subfield>
   </marc:datafield>
   <marc:datafield ind1=" " ind2=" " tag="300">
      <marc:subfield code="b">Illustrationen</marc:subfield>
   </marc:datafield>
   <marc:datafield ind1=" " ind2=" " tag="338">
      <marc:subfield code="a">Band</marc:subfield>
   </marc:datafield>
   <marc:datafield ind1=" " ind2=" " tag="300">
      <marc:subfield code="a">64 Seiten</marc:subfield>
   </marc:datafield>
</marc:record>
